Les 5 plus importantes délégations des continents aux JO + JP de 2024 - Statistiques

Statistiques générales
  • Ce quiz a été pris 28 fois
  • Le résultat moyen est 23 sur 25
Statistiques - réponses
Continent Nombre de membres Pays Rang % Correct
Afrique 174 Afrique-du-Sud 2
100%
Europe 611 Allemagne 2
100%
Océanie 612 Australie 1
100%
Amérique 463 Canada 3
100%
Asie 684 Chine 1
100%
Europe 521 Espagne 5
100%
Amérique 811 Etats-Unis 1
100%
Europe 812 France 1
100%
Europe 538 Italie 4
100%
Amérique 176 Mexique 5
100%
Asie 624 Japon 2
96%
Afrique 98 Maroc 5
96%
Océanie 220 Nouvelle-Zélande 2
96%
Europe 556 Royaume-Uni 3
96%
Amérique 215 Argentine 4
92%
Amérique 532 Brésil 2
92%
Afrique 213 Egypte 1
92%
Asie 201 Inde 4
92%
Asie 229 Corée-du-Sud 3
88%
Océanie 39 Fidji 3
88%
Afrique 109 Nigeria 3
88%
Afrique 99 Kenya 3
81%
Océanie 8 Papouasie-Nouvelle-Guinée | Vanuatu 5
73%
Océanie 26 Samoa 4
69%
Asie 155 Ouzbékistan 5
50%
Aucun quiz correspondant
Distribution des résultats
% des personnes avec chaque résultat
Percentile par nombre de réponses
Votre historique - résultats
Vous n’avez pas pris ce quiz